[Event "Titled Tuesday intern op 06th Oct"]
[Site "Chess.com INT"]
[Date "2020.10.06"]
[Round "3"]
[White "Wiebe, Isaac"]
[Black "Voit, Daria"]
[Result "0-1"]
[WhiteElo "1997"]
[BlackElo "2343"]
[PlyCount "38"]
[EventDate "2020.10.06"]
[EventType "swiss (blitz)"]
[EventRounds "10"]
[EventCountry "USA"]
[SourceTitle "CBM 198 Extra"]
[Source "ChessBase"]
[SourceDate "2020.11.30"]
[SourceVersion "1"]
[SourceVersionDate "2020.11.30"]
[SourceQuality "1"]

1. e4 Nf6 2. e5 Nd5 3. c4 Nb6 4. d4 d6 5. f4 dxe5 6. fxe5 c5 7. d5 e6 8. Nf3 exd5 9. cxd5 Qxd5 10. Qc2 Bg4 11. Nc3 Qe6 12. Bf4 Nc6 13. Bb5 Be7 14. 0-0 0-0 15. Rae1 Bxf3 16. gxf3 Nd4 17. Qe4 Qg6+ 18. Qxg6 fxg6 19. Ne2 Nxe2+ 0-1

[Event "Titled Tuesday intern op 29th Sept"]
[Site "Chess.com INT"]
[Date "2020.09.29"]
[Round "6"]
[White "Coelho, Ramyres Santana"]
[Black "Wiebe, Isaac"]
[Result "1-0"]
[WhiteElo "1981"]
[BlackElo "1997"]
[PlyCount "61"]
[EventDate "2020.09.29"]
[EventType "swiss (blitz)"]
[EventRounds "10"]
[EventCountry "USA"]
[SourceTitle "CBM 198 Extra"]
[Source "ChessBase"]
[SourceDate "2020.11.30"]
[SourceVersion "1"]
[SourceVersionDate "2020.11.30"]
[SourceQuality "1"]

1. e4 e5 2. Nf3 Nc6 3. d4 exd4 4. Bc4 Nf6 5. e5 d5 6. Bb5 Ne4 7. Nxd4 Bd7 8. Bxc6 bxc6 9. 0-0 Be7 10. f3 Nc5 11. f4 0-0 12. f5 f6 13. e6 Be8 14. Nc3 Nb7 15. Qg4 c5 16. Bh6 g6 17. Bxf8 Bxf8 18. Nf3 d4 19. Ne4 g5 20. Nfxg5 fxg5 21. f6 Bg6 22. Nxg5 Qd5 23. Rae1 Nd6 24. f7+ Kh8 25. e7 Bh6 26. f8Q+ Bxf8 27. exf8Q+ Rxf8 28. Rxf8+ Kg7 29. Ne6+ Kh6 30. Qh4+ Qh5 31. Qf4+ 1-0

[Event "Titled Tuesday intern op 29th Sept"]
[Site "Chess.com INT"]
[Date "2020.09.29"]
[Round "1"]
[White "Wiebe, Isaac"]
[Black "Sieciechowicz, Marcin"]
[Result "0-1"]
[WhiteElo "1997"]
[BlackElo "2382"]
[PlyCount "106"]
[EventDate "2020.09.29"]
[EventType "swiss (blitz)"]
[EventRounds "10"]
[EventCountry "USA"]
[SourceTitle "CBM 198 Extra"]
[Source "ChessBase"]
[SourceDate "2020.11.30"]
[SourceVersion "1"]
[SourceVersionDate "2020.11.30"]
[SourceQuality "1"]

1. e4 c5 2. Nc3 d6 3. Nf3 Nf6 4. g3 Nc6 5. Bg2 Bg4 6. h3 Bxf3 7. Bxf3 g6 8. 0-0 Bg7 9. Nd5 0-0 10. Nxf6+ Bxf6 11. c3 Rb8 12. d3 b5 13. Be3 Qb6 14. Qd2 b4 15. Rac1 Qa5 16. d4 bxc3 17. bxc3 cxd4 18. cxd4 Qxd2 19. Bxd2 Nxd4 20. Kg2 Rb2 21. Bh6 Rd8 22. a4 Nxf3 23. Kxf3 Rb3+ 24. Kg2 Rb4 25. Rc7 Rxa4 26. Rfc1 Rb4 27. Rxa7 Rxe4 28. Rac7 Rb4 29. R1c2 Rbb8 30. h4 Re8 31. Rd7 Rbd8 32. Rb7 Bg7 33. Bg5 f6 34. Bf4 h6 35. Rcc7 Kf7 36. Be3 g5 37. hxg5 hxg5 38. f4 gxf4 39. gxf4 f5 40. Bb6 Bf6 41. Kf3 Rb8 42. Be3 Rxb7 43. Rxb7 Ra8 44. Rc7 Ra3 45. Ke2 Kg6 46. Rb7 Ra6 47. Rb4 e5 48. fxe5 dxe5 49. Bd2 Bg5 50. Bc3 e4 51. Rb2 f4 52. Rb5 Ra2+ 53. Bb2 Bf6 0-1